000 00293nam a22001337a 4500
008 170612b xxu||||| |||| 00| 0 eng d
020 _a9780262532952
041 _aeng
080 _a94
100 _a19
101 _aSHP
245 _aUNITING AGAINTS TERROR
_cCORTRIGH.D
942 _2udc
_cBK
999 _c17020
_d17020